000 00608nam a2200181 i 4500
001 157261
003 ES-MaACL
005 20250831023859.0
008 040817s1865 fr |||| | fre d
100 1 _aLaurent, François,
_d1810-1887
_9128741
245 1 2 _aL'Église et l'État /
_cpar F. Laurent.
250 _a2e éd. entiêr. ref.
260 _aParis :
_bLibrairie Internationale A. Lacroix, Verboeckhoven et Cie.,
_c1865.
300 _a2 v. (445 ; 391 p.) ;
_c19 cm.
650 0 7 _aIglesia y Estado
_2embne
_913554
852 _aES-MaACL
_jD-4652-53
_z. - Enc. hol.
999 _c157261
_d157261